| 000 | 00411cam a2200145ua 4500 | ||
|---|---|---|---|
| 003 | OSt | ||
| 008 | 240123b |||||||| |||| 00| 0 eng d | ||
| 041 | _aeng | ||
| 082 |
_a631.568 _bKAC/ST |
||
| 100 |
_aKachra, R P . _95769 |
||
| 245 | 0 | 0 | _aStorage of agricultural durables and semiperishables / |
| 260 |
_aBhopal : _bCentral Institute of Agricultural Engineering , _c1985. |
||
| 300 | _a179 ; . | ||
| 942 | _cBK | ||
| 999 |
_c10088 _d10088 |
||